000 01129nas a2200361 4500
001 BR0602969
003 BR-BrBNA
005 20231205110108.0
007 ta
008 230509b bl.|||p| |||| 00| 00por d
040 _aBR-BrBNA
_bpor
_cBiblioteca Nacional de Agricultura
041 _a(Pt)
072 _aL51; L01
100 1 _aArouca, C.L.C.
100 1 _aFontes, D.O.
100 1 _aFerreira, W.M.
100 1 _aSilva, M.A.
100 1 _aPereira, F.A.
245 1 _aExigências de lisina, com base no conceito de proteína ideal, para suínos machos castrados, de 95 a 122 kg, selecionados para deposição de carne magra
650 _aSUÍNO
650 _aLISINA
650 _aPROTEÍNA
650 _aEXIGÊNCIA NUTRICIONAL
650 _aTERMINAÇÃO
650 _aCARCAÇA
650 _aRENDIMENTO
650 _aPERFORMANCE
650 _aRAÇÃO
650 _aCOMPOSIÇÃO DE ALIMENTO
773 0 _tArquivo Brasileiro de Medicina Veterinária e Zootecnia (Brazil)
_xISSN 0102-0935
_g(Dec 2004), v. 56(6) p. 773-781
_wBR0602969
909 _a202311
_bLúcia
_c55
_dLúcia Elande
942 _2AGRIS
_n0
_cANA
999 _c186187
_d186187